Pakistan Energy Yearbook 2018 / (Record no. 601603)
[ view plain ]
| 000 -LEADER | |
|---|---|
| fixed length control field | 00424nam a2200133Ia 4500 |
| 008 - FIXED-LENGTH DATA ELEMENTS--GENERAL INFORMATION | |
| fixed length control field | 230907s9999||||xx |||||||||||||| ||und|| |
| 082 ## - DEWEY DECIMAL CLASSIFICATION NUMBER | |
| Classification number | 620 |
| Author Mark | PAK |
| 100 ## - MAIN ENTRY--PERSONAL NAME | |
| Personal name | The Publisher |
| 9 (RLIN) | 116200 |
| 245 #0 - TITLE STATEMENT | |
| Title | Pakistan Energy Yearbook 2018 / |
| 260 ## - PUBLICATION, DISTRIBUTION, ETC. | |
| Place of publication, distribution, etc. | BK |
| Name of publisher, distributor, etc. | Ministry of Energy (Petroleum Division) Hydrocarbon Development Institute of Pakistan, |
| Date of publication, distribution, etc. | 2020-11-23 (2018) |
| 300 ## - PHYSICAL DESCRIPTION | |
| Extent | v, 139 p. |
| 650 ## - SUBJECT ADDED ENTRY--TOPICAL TERM | |
| Topical term or geographic name entry element | Islamabad: |
| 942 ## - ADDED ENTRY ELEMENTS (KOHA) | |
| Source of classification or shelving scheme | |
| Koha item type | E-Books |
| Withdrawn status | Lost status | Source of classification or shelving scheme | Damaged status | Not for loan | Permanent Location | Current Location | Date acquired | Total Checkouts | Full call number | Barcode | Date last seen | Date last checked out | Price effective from | Koha item type |
|---|---|---|---|---|---|---|---|---|---|---|---|---|---|---|
| US-Pakistan Center for Advanced Studies in Energy (USPCAS-E) | US-Pakistan Center for Advanced Studies in Energy (USPCAS-E) | 09/13/2023 | 2 | 620 PAK | CAS-E0005702 | 01/25/2024 | 12/28/2023 | 09/13/2023 | E-Books |
